000 01451nam a2200337 a 4500
001 ebr10204341
003 CaPaEBR
006 m u
007 cr cn|||||||||
008 071019s2008 ne a sb 001 0 eng
010 _z 2007043748
020 _z9780750686266 (pbk. : alk. paper)
020 _z075068626X (pbk. : alk. paper)
040 _aCaPaEBR
_cCaPaEBR
035 _a(OCoLC)228301248
050 1 4 _aTK7868.P6
_bP694 2008eb
082 0 4 _a621.31/7
_222
245 0 0 _aPower sources and supplies
_h[electronic resource] :
_bworld class designs /
_cMarty Brown [editor] with Nihal Kularatna, Raymond A. Mack, Jr., Sanjaya Maniktala.
260 _aAmsterdam ;
_aBoston :
_bNewnes/Elsevier,
_cc2008.
300 _ax, 381 p. :
_bill.
490 1 _aNewnes world class designs series
504 _aIncludes bibliographical references and index.
533 _aElectronic reproduction.
_bPalo Alto, Calif. :
_cebrary,
_d2013.
_nAvailable via World Wide Web.
_nAccess may be limited to ebrary affiliated libraries.
650 0 _aElectric power supplies to apparatus
_xDesign and construction.
650 0 _aElectronic apparatus and appliances
_xPower supply.
655 7 _aElectronic books.
_2local
700 1 _aBrown, Marty,
_d1951-
710 2 _aebrary, Inc.
830 0 _aWorld class designs.
856 4 0 _uhttp://site.ebrary.com/lib/rucke/Doc?id=10204341
_zAn electronic book accessible through the World Wide Web; click to view
999 _c120503
_d120503